LEADER 00906nam a2200193 4500 001 000000356320 003 CaOOAMICUS 005 20231201114406.0 008 231201s1867 it 000 u ita r 040 $aSeMil$bita 245 10$aIstruzioni e programmi per l'insegnamento delle lettere nei licei e nei ginnasi :$bapprovati con R. Decreto 10 ottobre 1867 . 264 1$aTorino [etc.] :$bParavia & C.,$c1867. 300 $a65 p. ;$c20 cm 650 4$aIstruzione pubblica - Italia.$0(OLS)http://semarc/subject/17730 850 $aSeMil 852 $aSeMil$W1$xVenegono$y1$m5B IV 10/3$j244887$B247486$CSeMilBibl$Z2$F247486 $8I 996 $6245$aIstruzioni e programmi per l'insegnamento delle lettere nei licei e nei ginnasi :$bapprovati con R. Decreto 10 ottobre 1867 $9(OLS)http://semarc/title/446579 996 $6264$aTorino [etc.] :$bParavia & C.$9(OLS)http://semarc/publisher/33758 LEADER 00936nam a2200205 i 4500 001 000000234630 003 CaOOAMICUS 005 20141017000000.0 008 141017s1938 it u000 u ita u 013 $a213533 040 $aSeMil$bita 100 1 $aRossi Canevari, Roberto.$0(OLS)http://semarc/name/1046 245 10$aCittadinanza e nazionalità :$bcon una Appendice sulle leggi riguardanti gli ebrei. 300 $a265 p. 500 $aContiene : Bibliografia. 650 4$aEbrei - Legislazione - Italia - 1938.$0(OLS)http://semarc/subject/26444 773 0 $aRossi Canevari, Roberto$tCittadinanza e nazionalità nei loro effetti pratici.$dMilano : I Piccoli di Padre Beccaro, 1939.$g1$w()30729 850 $aSeMil 852 $aSeMil$W1$xVenegono$y1$m3M IV 84$j184976$B184976$CSeMilBibl$Z2$F195906 $81 996 $6245$aCittadinanza e nazionalità :$bcon una Appendice sulle leggi riguardanti gli ebrei$9(OLS)http://semarc/title/334813